Stratégia firemnej komunikácie dizertačná práca

Enregistré dans:
Détails bibliographiques
Auteur principal: Schrenkelová, Dana
Collectivité auteur: Ekonomická univerzita v Bratislave. Obchodná fakulta
Autres auteurs: Lesáková, Dagmar, 1949-
Format: Livre
Langue:slovaque
Publié: Bratislava 2006
Sujets:
Tags: Ajouter un tag
Pas de tags, Soyez le premier à ajouter un tag!

MARC

LEADER 00000nam$a2200000$$$4500
001 0100031
005 20221207101331.4
041 0 |a slo 
044 |a SK 
245 1 0 |a Stratégia firemnej komunikácie  |b dizertačná práca  |c Dana Schrenkelová ; škol. Dagmar Lesáková 
264 1 |a Bratislava  |c 2006 
300 |a 151 s. 
610 2 0 |a komunikácia firemná 
610 2 0 |a stratégia podniková 
100 1 |a Schrenkelová, Dana 
700 1 |a Lesáková, Dagmar, 1949- 
710 2 |a Ekonomická univerzita v Bratislave. Obchodná fakulta